000 01198nam0a22002411 4500
001 rc\4831444
005 20250612192359.0
021 _aRU
_bРг6277-62
035 _a(NLR Aleph) 008805576
090 _a8129303
_c8129303
100 _a20130426d1962 |||y0rusy50 ca
101 0 _arus
102 _aRU
105 _ay z |||||
200 1 _aТарифные системы оплаты труда инженерно-технических работников и служащих в ГДР
_fСовет экон. взаимопомощи. Постоянная комис. по угольной пром-сти. Совещание Рабочей группы специалистов по вопросам организации труда и заработной платы. Комис. СЭВ по угольной пром-сти. Москва, 17-21 июля 1962 г. ГДР
210 _aМосква
_cБ. и.
_d1962
215 _a8 с.
_d21
712 0 2 _aСовет экон. взаимопомощи. Постоянная комис. по угольной пром-сти
801 0 _aRU
_bNLR
_gpsbo
801 1 _aRU
_bELAR
_2rusmarc
852 _aNLR
_j62-4/13517
942 _cBOOK
980 _aNB